Makroekonomika a nová makroekonomika
Na minha lista:
| Autor principal: | |
|---|---|
| Outros Autores: | , |
| Formato: | Livro |
| Idioma: | eslovaco |
| Publicado em: |
Bratislava
Elita
1995
|
| Assuntos: | |
| Tags: |
Sem tags, seja o primeiro a adicionar uma tag!
|
MARC
| LEADER | 00000nam a2200000 4500 | ||
|---|---|---|---|
| 001 | c012000 | ||
| 005 | 20240111124515.6 | ||
| 020 | |a 80-85323-87-7 | ||
| 041 | 0 | |a slo | |
| 044 | |a SK | ||
| 245 | 1 | 0 | |a Makroekonomika a nová makroekonomika |c Bernhard Felderer - Stefan Homburg ; prekl. Mikuláš Luptáčik a kolektív |
| 264 | 1 | |a Bratislava |b Elita |c 1995 | |
| 300 | |a 445 s. | ||
| 610 | 2 | 0 | |a makroekonomika |
| 610 | 2 | 0 | |a ekonómia |
| 610 | 2 | 0 | |a teórie ekonomické |
| 610 | 2 | 0 | |a hospodárstvo národné |
| 610 | 2 | 0 | |a účtovníctvo národné |
| 610 | 2 | 0 | |a keynesizmus |
| 610 | 2 | 0 | |a portfólio |
| 610 | 2 | 0 | |a monetarizmus |
| 610 | 2 | 0 | |a teórie ekonomické |
| 610 | 2 | 0 | |a matematika hospodárska |
| 100 | 1 | |a Felderer, Bernhard | |
| 700 | 1 | |a Homburg, Stefan | |
| 700 | 1 | |a Luptáčik, Mikuláš | |